| 000 | 00924nam a2200217 i 4500 | ||
|---|---|---|---|
| 001 | 189502 | ||
| 003 | SpMaBN | ||
| 005 | 20250809015351.0 | ||
| 008 | 190605s1969 sp |||| | spa d | ||
| 080 | _a378.4:34(46) | ||
| 100 | 1 |
_aPedret Casado, Paulino. _989910 |
|
| 245 | 1 | 3 |
_aLa evolución de la enseñanza del derecho en la Universidad de Santiago de Compostela _b: discurso / _cleído el 29 de junio de 1968, en la solemne sesión de ingreso del académico... Dr. D. Paulino Pedret Casado y contestación... D. Manuel Iglesias Corral. |
| 260 |
_aLa Coruña : _bAcademia Gallega y Jurisprudencia y Legislación, _c1969. |
||
| 300 |
_a39 p. ; _c27 cm. |
||
| 500 | _aÍndice onomástico. | ||
| 650 | 7 |
_aDerecho- _xEnseñanza _2 _9151692 |
|
| 700 | 1 |
_aIglesias Corral, Manuel. _9158835 |
|
| 710 | 2 |
_aAcademia Gallega de Jurisprudencia y Legislación. _91197 |
|
| 852 |
_aES-MaACL _j2341-F-6 |
||
| 999 |
_c189502 _d189502 |
||